The recurrent primary retroperitoneal liposarcoma

Bibliographic Details
Main Authors: Bober, Juraj, 1941- (Author), Svajdler, M. (Author), Brandebur, Oto, ml (Author), Zavacky, P. (Author), Nagy, V. (Author)
Format: Article
Language:English

MARC

LEADER 00000nab a2200000uu 4500
001 vtls011498494
003 SK-MaSNL
005 20260303205530.0
008 230214|2013 xo |||||||||||||||||eng|
015 |a SNBRB 
035 |a (urnnbn)urn:nbn:sk:snk:ar-a0a6jv 
035 |a (uuid)ee13d919-8cae-47b6-85b5-1a97e8d97470 
035 |a urn:nbn:sk:snk-abdtit 
040 |a SNKBUCL  |b slo  |c SNKBUCL  |e AACR2 
041 0 |a eng 
044 |a xo  |c SK 
100 1 |a Bober, Juraj,  |d 1941-  |4 aut  |9 235783 
245 1 4 |a The recurrent primary retroperitoneal liposarcoma  |c J. Bober, M. Svajdler, O. Brandebur Jr, P. Zavacky, V. Nagy 
700 1 |a Svajdler, M.  |4 aut  |9 1178544 
700 1 |a Brandebur, Oto,  |c ml  |4 aut  |9 18417 
700 1 |a Zavacky, P.  |4 aut  |9 801834 
700 1 |a Nagy, V.  |4 aut  |9 850398 
773 0 |t Bratislavské lekárske listy  |g Roč. 114, č. 11 (2013), s. [662]-667 
958 |a OND 
958 |a EUIPO 
958 |a article20 
999 |c 2195821  |d 2197751